<?xml version="1.0" encoding="UTF-8"?>
<record
    xmlns:xsi="http://www.w3.org/2001/XMLSchema-instance"
    xsi:schemaLocation="http://www.loc.gov/MARC21/slim http://www.loc.gov/standards/marcxml/schema/MARC21slim.xsd"
    xmlns="http://www.loc.gov/MARC21/slim">

  <leader>02310nam a2200301 c 4500</leader>
  <controlfield tag="001">991036627769708606</controlfield>
  <controlfield tag="003">OSt</controlfield>
  <controlfield tag="005">20250211114012.0</controlfield>
  <controlfield tag="008">250211b2012    sp ad|||dp||i |0| 0dspa d</controlfield>
  <datafield tag="010" ind1=" " ind2=" ">
    <subfield code="a">978-84-9784-308-9</subfield>
  </datafield>
  <datafield tag="035" ind1=" " ind2=" ">
    <subfield code="a">(OCoLC)828278412</subfield>
  </datafield>
  <datafield tag="035" ind1=" " ind2=" ">
    <subfield code="a">(SpMaBN)a5235722</subfield>
  </datafield>
  <datafield tag="040" ind1=" " ind2=" ">
    <subfield code="a">aSpMaBN </subfield>
    <subfield code="b">spa</subfield>
    <subfield code="c">cSpMaBN</subfield>
    <subfield code="e">rda</subfield>
  </datafield>
  <datafield tag="082" ind1="0" ind2="4">
    <subfield code="a">370.072/N842c</subfield>
    <subfield code="2">21</subfield>
  </datafield>
  <datafield tag="210" ind1=" " ind2=" ">
    <subfield code="a">Barcelona</subfield>
  </datafield>
  <datafield tag="245" ind1=" " ind2=" ">
    <subfield code="a">El campo de la investigaci&#xF3;n cualitativa </subfield>
    <subfield code="c">cNorman K. Denzin e Yvonna S. Lincoln (coords.) ; [traducci&#xF3;n, Cecilia Pav&#xF3;n]</subfield>
  </datafield>
  <datafield tag="260" ind1=" " ind2=" ">
    <subfield code="a">Barcelona $bGedisa </subfield>
    <subfield code="c">2012</subfield>
  </datafield>
  <datafield tag="300" ind1=" " ind2=" ">
    <subfield code="a">370 p. </subfield>
    <subfield code="c">$c24 cm </subfield>
  </datafield>
  <datafield tag="410" ind1=" " ind2="4">
    <subfield code="a">The sage handbook of qualitative research</subfield>
    <subfield code="l">Espa&#xF1;ol</subfield>
    <subfield code="v">v. 1</subfield>
  </datafield>
  <datafield tag="490" ind1=" " ind2=" ">
    <subfield code="3">Manual de investigaci&#xF3;n cualitativa $vv. 1 </subfield>
    <subfield code="a">Herramientas universitarias </subfield>
  </datafield>
  <datafield tag="505" ind1=" " ind2=" ">
    <subfield code="a">Pr&#xF3;logo a la edici&#xF3;n en castellano. De las nuevas formas de conocer y de producir conocimiento  Irene Vasilachis de Gialdino&#x2026;11 Prefacio&#x2026;23  1. Introducci&#xF3;n general. La investigaci&#xF3;n cualitativa como disciplina y como pr&#xE1;ctica Norman K. Denzin y Yvonna S. Lincoln..43 Introducci&#xF3;n al Volumen I. Definici&#xF3;n del campo. 
103&#x2026; 2. La reforma de las ciencias sociales y de las universidades a trav&#xE9;s de la investigaci&#xF3;n-acci&#xF3;n Davydd J. Greenwood y Morten Levin..117..3. Estudios composicionales, en dos partes. Sobre la teorizaci&#xF3;n y el an&#xE1;lisis cr&#xED;ticos acerca de la (in)justicia social . Michelle Fine y Lois Weis..155 .4. Caminando sobre terreno resbaladizo. La investigaci&#xF3;n de los pueblos nativos en la era de la incertidumbre Linda Tuhiwai Smith 190 5. Hacia una investigaci&#xF3;n libre de la dominaci&#xF3;n 5. Mocolonial. El enfoque kaupapa m&#xE3;or&#xED; en la creaci&#xF3;n de conocimiento. Obispo Russell..231- 6. La &#xE9;tica y la pol&#xED;tica en la investigaci&#xF3;n cualitativa. Clifford G. Cristianos .... 283 - 7. Los Comit&#xE9;s de Conducta &#xC9;tica y el conservadurismo metodol&#xF3;gico. Los cuestionamientos del paradigma 
fenomenol&#xF3;gico Yvonna S. Lincoln..332 - Los compiladores del Manual, Norman K. Denzin e Yvonna S. Lincoln..365 - Los autores del Volumen I..367 
</subfield>
  </datafield>
  <datafield tag="650" ind1=" " ind2=" ">
    <subfield code="a">Investigaci&#xF3;n cualitativa </subfield>
  </datafield>
  <datafield tag="700" ind1=" " ind2=" ">
    <subfield code="a">Denzin, Norman K. $edirector de publicaci&#xF3;n $d1944-</subfield>
  </datafield>
  <datafield tag="700" ind1=" " ind2=" ">
    <subfield code="a">Lincoln, Yvonna S.  $edirector de publicaci&#xF3;n $4pbd </subfield>
  </datafield>
  <datafield tag="901" ind1=" " ind2=" ">
    <subfield code="a">MON1210</subfield>
  </datafield>
  <datafield tag="942" ind1=" " ind2=" ">
    <subfield code="2">ddc</subfield>
    <subfield code="c">LIB</subfield>
    <subfield code="n">0</subfield>
  </datafield>
  <datafield tag="956" ind1=" " ind2=" ">
    <subfield code="a">2</subfield>
  </datafield>
  <datafield tag="999" ind1=" " ind2=" ">
    <subfield code="c">12495</subfield>
    <subfield code="d">12495</subfield>
  </datafield>
  <datafield tag="952" ind1=" " ind2=" ">
    <subfield code="0">0</subfield>
    <subfield code="1">0</subfield>
    <subfield code="2">ddc</subfield>
    <subfield code="4">0</subfield>
    <subfield code="7">0</subfield>
    <subfield code="a">IDEICE</subfield>
    <subfield code="b">IDEICE</subfield>
    <subfield code="d">2025-02-11</subfield>
    <subfield code="l">0</subfield>
    <subfield code="r">2025-02-11 14:42:32</subfield>
    <subfield code="w">2025-02-11</subfield>
    <subfield code="y">LIB</subfield>
  </datafield>
</record>
